| 000 | 01222nam a2200325 i 4500 | ||
|---|---|---|---|
| 003 | EG-ScBUE | ||
| 005 | 20230413112328.0 | ||
| 008 | 180506s2010 hu o f 000 0 mul d | ||
| 020 | _a9789632972121 | ||
| 040 |
_aEG-ScBUE _bara _erda _cEG-ScBUE _dEG-ScBUE |
||
| 041 | 1 |
_ahun _aeng _hhun |
|
| 082 | 0 | 4 |
_a779.092 _bOTT _222 |
| 100 | 1 |
_aOttó, Kaiser, _eauthor. |
|
| 245 | 1 | 0 |
_aPécs : _bkövek és emberek = Stones & people / _cKaiser Ottó ; [English translation Rita Mallász, Sabrina Faludi]. |
| 246 | 3 | 1 | _aStones & people |
| 264 | 1 |
_aÜszögi-kiserdő : _bPécsi Direkt Kft. : _bAlexandra Kiadó, _c2010. |
|
| 300 |
_a1 volume (unnumbered pages) : _bphotographs (color) ; _c24 cm |
||
| 336 |
_2rdacontent _atext _btxt |
||
| 337 |
_2rdamedia _aunmediated _bn |
||
| 338 |
_2rdacarrier _avolume _bnc |
||
| 546 | _aText in English and Hungarian ; translation from original Hungarian. | ||
| 650 | 7 |
_aPhotography, Artistic. _2BUEsh _937552 |
|
| 651 | 7 |
_aPécs (Hungary) _vPictorial works. _2BUEsh |
|
| 653 |
_bGGEN _cMay2018 |
||
| 655 | _vReading book | ||
| 700 | 1 |
_aMallász, Rita, _etranslator. |
|
| 700 | 1 |
_aFaludi, Sabrina, _etranslator. |
|
| 942 |
_2ddc _cBB |
||
| 999 |
_c26632 _d26604 |
||